| 000 | 00456nam a22001577a 4500 | ||
|---|---|---|---|
| 003 | LK-CoMWRAF | ||
| 005 | 20240210000134.0 | ||
| 008 | 240209b |||||||| |||| 00| 0 eng d | ||
| 040 |
_aLK-CoMWRAF _dLK-CoMWRAF _eLK-CoMWRAF |
||
| 041 | _aeng | ||
| 100 | _aKhan, Mohammad Farooq | ||
| 245 | _aGender, social interaction and Islam | ||
| 260 |
_aIslamabad : _bOrganization for research and education _c2004 |
||
| 700 |
_aSayyid, Sabur Ali _etrans. |
||
| 942 | _cBK | ||
| 999 |
_c4729 _d4729 |
||